000 00710nam a2200289Ia 4500
005 20260324123605.0
008 008 260324s9999 xx 000 0 eng d
020 _a9780240812861
037 _aEBOOK
040 _aCRL
040 _beng
040 _cCRL
041 _2eng
041 _aeng
084 _qCRL
100 _aMichael Wyman
_91170889
245 0 _aMaking Great Games
245 3 _bAn Insider's Guide to Designing and Developing the World's Greatest Games
260 _bTaylor and Francis
260 _c2011
365 _a
365 _b360
856 _uhttp://www.taylorfrancis.com/books/9780240812861
942 _cEBOOK
999 _c1764550
_d1764550